00000000nam 2200000zi 4500
0019.947548
003CaOODSP
00520250130094508
006m     o  d f      
007cr cn|||||||||
008250130t20172017oncbd   obs  f000 0 fre d
040 |aCaOODSP|bfre|erda|cCaOODSP
043 |an-cn---
0861 |aCS95-640/17-2016F-PDF
24502|aL'innovation comme facteur de croissance dans le secteur agricole.
264 1|a[Ottawa] : |bStatistique Canada = Statistics Canada, |c2017.
264 4|c©2017
300 |a1 ressource en ligne (19 pages) : |bcartes, graphiques.
336 |atexte|btxt|2rdacontent/fre
337 |ainformatique|bc|2rdamedia/fre
338 |aressource en ligne|bcr|2rdacarrier/fre
500 |aTitre de la couverture.
500 |a« Date de diffusion : le 21 juin 2017. »
500 |aPublié aussi en anglais sous le titre : Growing opportunity through innovation in agriculture.
504 |aComprend des références bibliographiques (page 19).
520 |a« L'agriculture est un secteur d'activité de plus en plus complexe. À mesure que le secteur agricole continue d'évoluer, les exploitations agricoles adaptent leur modèle d'entreprise afin de saisir de nouvelles occasions d'affaires sur le marché. L'innovation au chapitre des stratégies de commercialisation, des processus et des offres de produits permet aux exploitations agricoles de tirer profit de nouvelles sources de revenus et de réduire leurs coûts » -- Page 3.
650 6|aAgriculteurs|zCanada|xConditions économiques|vStatistiques.
650 6|aAgriculture|xAspect de l'environnement|zCanada|vStatistiques.
650 6|aAgriculture|xInnovations|zCanada|vStatistiques.
655 7|aStatistiques|2rvmgf
7101 |aCanada.|bStatistique Canada, |eorganisme de publication.
77508|tGrowing opportunity through innovation in agriculture.|w(CaOODSP)9.947547
85640|qPDF|s1.37 Mo|uhttps://publications.gc.ca/collections/collection_2025/statcan/95-640-x/CS95-640-17-2016-fra.pdf
8564 |qHTML|sS.O.|uhttps://www150.statcan.gc.ca/n1/pub/95-640-x/2016001/article/14816-fra.htm
986 |a95-640-X